State of Arizona children's behavioral health services needs and resources assessment. (Record no. 409)

MARC details
000 -LEADER
fixed length control field 00705nam a2200145 a 4500
005 - DATE AND TIME OF LATEST TRANSACTION
control field 20260322212018.0
008 - FIXED-LENGTH DATA ELEMENTS--GENERAL INFORMATION
fixed length control field data
096 ## - LOCALLY ASSIGNED NLM-TYPE CALL NUMBER (OCLC)
Classification number WA 320 A759s 1991
001 - CONTROL NUMBER
control field data
110 2# - MAIN ENTRY--CORPORATE NAME
Corporate name or jurisdiction name as entry element Arizona. Division of Behavioral Health Services.
245 10 - TITLE STATEMENT
Title State of Arizona children's behavioral health services needs and resources assessment.
Statement of responsibility, etc. Arizona. Division of Behavioral Health Services.
260 ## - PUBLICATION, DISTRIBUTION, ETC.
Place of publication, distribution, etc. Phoenix, Ariz.
Name of publisher, distributor, etc. Arizona Dept. of Health Services, Division of Behavioral Health Services, Office of Management Information Systems, Research & Evaluation, and Arizona Child and Adolescent Service System Program (CASSP)
Date of publication, distribution, etc. 1991
650 #0 - SUBJECT ADDED ENTRY--TOPICAL TERM
Topical term or geographic name entry element Community health services for children
Geographic subdivision Arizona
650 #0 - SUBJECT ADDED ENTRY--TOPICAL TERM
Topical term or geographic name entry element Child development
Holdings
Withdrawn status Lost status Damaged status Not for loan Home library Current library Shelving location Date acquired Total checkouts Full call number Barcode Date last seen Price effective from Koha item type
        Franklin Franklin General stacks 22/03/2026   GEN BC0010419 22/03/2026 22/03/2026 Books